Marques de téléphone, télé et ordinateur sans voyelles - Statistiques

Statistiques générales
  • Ce quiz a été pris 45 fois
  • Le résultat moyen est 11 sur 16
Statistiques - réponses
Indice Réponse % Correct
PHLPS Philips
95%
SMSNG Samsung
93%
LG LG
88%
BLCKBRR BlackBerry
86%
LNV Lenovo
86%
DLL Dell
84%
HP HP
84%
TSHB Toshiba
79%
HW Huawei
74%
NK Nokia
72%
PPL Apple
70%
PNSNC Panasonic
70%
XM Xiaomi
70%
LCTL Alcatel
47%
SS Asus
28%
PP OPPO
19%
Aucun quiz correspondant
Distribution des résultats
% des personnes avec chaque résultat
Percentile par nombre de réponses
Votre historique - résultats
Vous n’avez pas pris ce quiz